|
|
|
|
| LEADER |
01289nam a22003252a 4500 |
| 001 |
000045280 |
| 003 |
CZ BrMZK |
| 005 |
20060703131716.0 |
| 007 |
ta |
| 008 |
951201s1989 xr f cze d |
| 015 |
|
|
|a cnb000785926
|
| 035 |
|
|
|a (OCoLC)84992226
|
| 040 |
|
|
|a BOA001
|b cze
|
| 080 |
|
|
|a 222/224
|2 MRF
|
| 100 |
1 |
|
|a Hochmann, František,
|d 1920-1992
|7 jk01041612
|4 aut
|
| 245 |
1 |
0 |
|a Na počátku :
|b biblická odpověď na otázku po začátku /
|c František Hochmann
|
| 250 |
|
|
|a 2. vyd.
|
| 260 |
|
|
|a Praha :
|b Ústřední církevní nakladatelství,
|c 1989
|
| 300 |
|
|
|a 98 s.
|
| 490 |
1 |
|
|a Teologické studie (Ústřední církevní nakladatelství)
|
| 504 |
|
|
|a Obsahuje bibliografii
|
| 550 |
|
|
|a Vydavatel: Česká katolická Charita
|
| 710 |
2 |
|
|a Katolická církev.
|b Česká katolická charita
|7 kn20010725039
|
| 830 |
|
0 |
|a Teologické studie (Ústřední církevní nakladatelství)
|0 s
|
| 910 |
|
|
|a BOA001
|b PK-0113.298
|b 2-0947.318
|
| 964 |
|
|
|a Vesmír - vznik - pojetí křesťanské
|
| 964 |
|
|
|a Starý zákon - kniha Genesis - výklady
|
| 990 |
|
|
|a BK
|
| 996 |
7 |
|
|b 2619339357
|c 2-0947.318
|l MZK
|r Sklad / do 1 hodiny
|n 0
|w 000045280
|u 000020
|a 1
|e BOA001
|j MZK50
|s A
|
| 996 |
7 |
|
|b 3119984318
|c PK-0113.298
|l MZK
|r Sklad / do 1 hodiny
|n 4
|w 000045280
|u 000010
|a 1
|e BOA001
|j MZK50
|s A
|